[Event "GAMMA Reykjavik Open 2019"]
[Site "Reykjavik ISL"]
[Date "2019.04.10"]
[Round "4.100"]
[White "Johannessen, Theo N"]
[Black "Solaroli, Riccardo"]
[Result "1/2-1/2"]
[WhiteElo "1456"]
[BlackElo "1770"]
[WhiteFideId "1542478"]
[BlackFideId "809810"]
[EventDate "2019.04.08"]

1. d4 Nf6 2. Nf3 g6 3. c4 Bg7 4. g3 O-O 5. Bg2 d6 6. O-O Nc6 7. Nc3 Nd7 8. Re1
e5 9. d5 Ne7 10. e4 h6 11. Be3 f5 12. Qd2 fxe4 13. Nxe4 Nf5 14. c5 Nxe3 15. Qxe3
Nf6 16. cxd6 cxd6 17. Nxf6+ Rxf6 18. Nd2 Bf5 19. Ne4 Rf7 20. Rac1 Rc7 21. Qa3
Bf8 22. Nf6+ Kf7 23. Ne4 a6 24. Qf3 Kg7 25. a3 Rac8 26. Qe3 Be7 27. h4 Qd7 28.
Kh2 Qd8 29. b4 Rxc1 30. Rxc1 Rxc1 31. Qxc1 Bxh4 32. gxh4 Qxh4+ 33. Kg1 Bxe4 34.
Bxe4 Qxe4 35. Qc7+ Kf6 36. Qxd6+ Kg5 37. Qe7+ Kg4 38. Qe6+ Qf5 39. f3+ Kh4 40.
Qe7+ Kh5 41. d6 Qf4 42. Kg2 Qd2+ 43. Kh3 Qf4 44. Kg2 Qd2+ 45. Kh3 Qf4 46. Qxb7
Qh4+ 47. Kg2 Qg5+ 48. Kh3 Qh4+ 49. Kg2 Qg5+ 1/2-1/2

[Event "GAMMA Reykjavik Open 2019"]
[Site "Reykjavik ISL"]
[Date "2019.04.10"]
[Round "4.101"]
[White "Chilton, James I"]
[Black "Aasen, Alexander"]
[Result "1-0"]
[WhiteElo "1747"]
[BlackElo "1291"]
[WhiteFideId "423009"]
[BlackFideId "1542400"]
[EventDate "2019.04.08"]

1. d4 d5 2. c4 e5 3. dxe5 d4 4. Nf3 Nc6 5. Bg5 Be7 6. h4 h6 7. Bf4 Bb4+ 8. Nbd2
Nge7 9. a3 Bxd2+ 10. Qxd2 Ng6 11. e3 dxe3 12. Qxe3 Bg4 13. e6 Bxe6 14. Rd1 Qe7
15. Bg3 Bg4 16. Qxe7+ Kxe7 17. Bxc7 Rhe8 18. Be2 Kf8 19. Rd2 Re6 20. h5 Nge5 21.
Nxe5 Nxe5 22. Bxe5 Rxe5 23. Rh4 Bf5 24. Rd5 Rxd5 25. cxd5 Re8 26. Rd4 Rd8 27.
Kd2 Ke7 28. g4 Be6 29. Bc4 Bxg4 30. Rxg4 Kf6 31. a4 a6 1-0

[Event "GAMMA Reykjavik Open 2019"]
[Site "Reykjavik ISL"]
[Date "2019.04.10"]
[Round "4.103"]
[White "Huber-Delle, Guenther"]
[Black "Hafdisarson, Ingi Thor"]
[Result "0-1"]
[WhiteElo "1732"]
[BlackElo "1220"]
[WhiteFideId "30904056"]
[BlackFideId "2306956"]
[EventDate "2019.04.08"]

1. e4 c5 2. Ne2 Nc6 3. Nbc3 d6 4. g3 g6 5. Bg2 Bg7 6. O-O Nf6 7. d4 cxd4 8. Nxd4
O-O 9. h3 a6 10. Be3 Ne5 11. b3 Qa5 12. Nce2 Bd7 13. a4 Rac8 14. Rc1 Nc6 15. c3
Nxd4 16. Bxd4 Bc6 17. Qd3 Rfd8 18. c4 b5 19. cxb5 axb5 20. Qe3 Qa6 21. Bb6 Re8
22. a5 Nd7 23. Rxc6 Rxc6 24. e5 Rxb6 25. axb6 Qxb6 26. e6 Nc5 27. Bd5 f5 28. Rb1
Rb8 29. h4 Na6 30. Qxb6 Rxb6 31. Rc1 Bf6 32. Rc6 Rxc6 33. Bxc6 b4 34. Nf4 Nc5
35. Bd5 Be5 36. Ne2 Kg7 37. f4 Bf6 38. Kf2 h6 39. Kf3 g5 40. fxg5 hxg5 41. hxg5
Bxg5 42. g4 fxg4+ 43. Kxg4 Kf6 44. Bc4 Bd2 45. Ng3 Nxe6 46. Bxe6 Kxe6 0-1

[Event "GAMMA Reykjavik Open 2019"]
[Site "Reykjavik ISL"]
[Date "2019.04.10"]
[Round "4.105"]
[White "Sharifa, Rayan"]
[Black "Johannesson, Haki"]
[Result "0-1"]
[WhiteElo "1169"]
[BlackElo "1695"]
[WhiteFideId "2314894"]
[BlackFideId "2304694"]
[EventDate "2019.04.08"]

1. e4 e5 2. Nf3 Nc6 3. d4 exd4 4. Nxd4 Nxd4 5. Qxd4 Qf6 6. e5 Qb6 7. Qxb6 axb6
8. Bc4 Bc5 9. Nc3 Bb4 10. Bd2 Bxc3 11. Bxc3 Ne7 12. O-O-O Nc6 13. a3 O-O 14. f4
Ra4 15. Ba2 Rxf4 16. Rhf1 Rxf1 17. Rxf1 Nd8 18. a4 Ne6 19. a5 bxa5 20. Bxa5 b6
21. Bc3 Bb7 22. g3 c5 23. Rd1 Bc6 24. Rd6 Ra8 25. Kb1 Kf8 26. Bd5 Bxd5 27. Rxd5
Ke7 28. Rd6 Rb8 29. b4 Ng5 30. Rd3 Rc8 31. bxc5 bxc5 32. Bb2 Rc6 33. Ba3 Ne6 34.
h4 Ra6 35. Rc3 Rc6 36. Rd3 Rc7 37. Kc1 f6 38. Bb2 fxe5 39. Bxe5 Rc6 40. Re3 g6
41. Kd2 Rc8 42. Ke2 Ra8 43. c3 d6 44. Bf4 Kd7 45. Bh6 Re8 46. Kf3 Re7 47. Kg4 d5
48. c4 d4 49. Rd3 Rf7 50. h5 Kd6 51. hxg6 hxg6 52. Bf4+ Nxf4 53. gxf4 Re7 54.
Kf3 Re1 55. Rb3 Kc6 56. Ra3 Rb1 57. Ke2 Rb6 58. Rg3 Kb7 59. Rg5 Rc6 60. Rd5 Kb6
61. Kd3 Ka5 62. Rd7 Rb6 63. Ra7+ Kb4 64. Rg7 Ka3 65. Ra7+ Kb4 66. Re7 Rc6 67.
Rb7+ Ka5 68. Ra7+ Kb6 69. Re7 Rd6 70. Re5 Kc6 71. Re7 Rf6 72. Re4 Kd6 73. Kd2
Re6 74. Rxe6+ Kxe6 0-1

[Event "GAMMA Reykjavik Open 2019"]
[Site "Reykjavik ISL"]
[Date "2019.04.10"]
[Round "4.107"]
[White "Ptacnikova, Lenka"]
[Black "Helgadottir, Idunn"]
[Result "1-0"]
[WhiteTitle "WGM"]
[WhiteElo "2202"]
[BlackElo "1137"]
[WhiteFideId "305650"]
[BlackFideId "2314118"]
[EventDate "2019.04.08"]

1. d4 d5 2. Nf3 Nf6 3. e3 Bg4 4. Be2 Nc6 5. O-O Qd7 6. b3 Qf5 7. Bb2 Nb4 8. Na3
O-O-O 9. c4 e6 10. c5 b6 11. cxb6 axb6 12. Nb5 c6 13. a3 cxb5 14. axb4 Bh5 15.
Ne5 Bxe2 16. Qc2+ Kb7 17. Qc6+ Kb8 18. Ra8# 1-0

[Event "GAMMA Reykjavik Open 2019"]
[Site "Reykjavik ISL"]
[Date "2019.04.11"]
[Round "5.1"]
[White "Grandelius, Nils"]
[Black "Hovhannisyan, Robert"]
[Result "0-1"]
[WhiteTitle "GM"]
[BlackTitle "GM"]
[WhiteElo "2687"]
[BlackElo "2630"]
[WhiteFideId "1710400"]
[BlackFideId "13302507"]
[EventDate "2019.04.08"]

1. e4 e5 2. Nf3 Nc6 3. Bc4 Bc5 4. O-O Nf6 5. d3 d6 6. c3 O-O 7. Re1 a5 8. h3 Be6
9. Bb5 Ba7 10. Nbd2 Ne7 11. Nf1 Ng6 12. Ng3 c6 13. Ba4 d5 14. exd5 Nxd5 15. Bc2
Qc7 16. d4 exd4 17. Nxd4 Rae8 18. Bg5 Ndf4 19. Qd2 Bd5 20. Rxe8 Rxe8 21. Re1
Rxe1+ 22. Qxe1 Ne6 23. Be3 Bxd4 24. cxd4 Nh4 25. Ne4 f5 26. f3 Qe7 27. Bf2 Nxf3+
28. gxf3 fxe4 29. Bxe4 Bxe4 30. Qxe4 Qd7 31. Qe5 a4 32. h4 b5 33. b3 axb3 34.
axb3 Qd5 35. Qe4 g5 36. hxg5 Nxg5 37. Qe8+ Kg7 38. Qe7+ Nf7 39. Qe4 Ng5 40. Qe7+
Nf7 41. Qe4 Qxe4 42. fxe4 Ng5 43. Kg2 Nxe4 44. Be1 Kf6 45. Kf3 Kf5 46. Ke3 Nf6
47. Kf3 Ke6 48. Bh4 Ne8 49. Ke4 Nd6+ 50. Kf4 Kd5 51. Bf2 Nb7 0-1

[Event "GAMMA Reykjavik Open 2019"]
[Site "Reykjavik ISL"]
[Date "2019.04.11"]
[Round "5.3"]
[White "Movsesian, Sergei"]
[Black "Stefansson, Hannes"]
[Result "1-0"]
[WhiteTitle "GM"]
[BlackTitle "GM"]
[WhiteElo "2637"]
[BlackElo "2558"]
[WhiteFideId "310204"]
[BlackFideId "2300087"]
[EventDate "2019.04.08"]

1. e4 e5 2. Nf3 Nc6 3. Bc4 Bc5 4. O-O Nf6 5. d3 O-O 6. Nbd2 d6 7. c3 a5 8. Re1
Be6 9. Bb5 Qb8 10. Nf1 Qa7 11. Qd2 Ne7 12. d4 Bb6 13. h3 Rad8 14. Qc2 c6 15. Bd3
Ng6 16. Be3 Nh5 17. N1d2 Nhf4 18. Bf1 Nh5 19. a4 Qb8 20. Nc4 Bc7 21. Rad1 h6 22.
b4 axb4 23. cxb4 Nf6 24. dxe5 Nxe5 25. Nfxe5 dxe5 26. a5 Rxd1 27. Rxd1 Rd8 28.
Rb1 Bd7 29. Bc5 Ne8 30. Be7 Rc8 31. Nb6 Bxb6 32. axb6 Be6 33. Qc5 Nf6 34. Bxf6
gxf6 35. Ra1 Kh7 36. Qe7 Re8 37. Qxf6 Qd6 38. Ra7 Rb8 39. Ra5 Rg8 40. Ra7 Qd1
41. Rxb7 Rg7 42. Rc7 h5 43. b7 Bc4 44. Qf5+ Rg6 45. Qxg6+ 1-0

[Event "GAMMA Reykjavik Open 2019"]
[Site "Reykjavik ISL"]
[Date "2019.04.11"]
[Round "5.6"]
[White "Hambleton, Aman"]
[Black "L'Ami, Erwin"]
[Result "0-1"]
[WhiteTitle "GM"]
[BlackTitle "GM"]
[WhiteElo "2484"]
[BlackElo "2647"]
[WhiteFideId "2606577"]
[BlackFideId "1007998"]
[EventDate "2019.04.08"]

1. d4 Nf6 2. Bf4 c5 3. e3 Qb6 4. Nc3 a6 5. a3 e6 6. Nf3 d5 7. Be2 Bd7 8. Rb1
cxd4 9. exd4 Nc6 10. O-O Be7 11. Re1 Rc8 12. Bf1 Qa7 13. Ne2 b5 14. Ng3 Qb6 15.
c3 a5 16. b4 Nd8 17. Rc1 Nb7 18. Ne5 h5 19. Qe2 Nd6 20. Nxd7 Kxd7 21. Bxd6 Bxd6
22. Qxb5+ Qxb5 23. Bxb5+ Kd8 24. Ne2 Ra8 25. Rb1 Ke7 26. Rb2 Rhc8 27. Bd3 Nd7
28. g3 g6 29. Kg2 Rc7 30. Rd1 Kf6 31. Rdb1 Ke7 32. Rd1 Kf6 33. Rdb1 Ke7 34. Rb3
Kf6 35. h4 Ke7 36. R3b2 Kf6 37. Rd1 Ke7 38. Re1 Kf6 39. Rd1 Ke7 40. Rdb1 Kf6 41.
Kf1 Ke7 42. Rd1 Kf6 43. Ke1 Ke7 44. Kd2 Kf6 45. f4 Kg7 46. Nc1 f6 47. Nb3 axb4
48. axb4 e5 49. Nc5 Kh6 50. Rf1 e4 51. Bc2 Nb6 52. Bb3 Rca7 53. Kc2 Kg7 54. Rbb1
Kf8 55. f5 Kg7 56. Ne6+ Kh6 57. Nf4 Bxf4 58. Rxf4 g5 59. hxg5+ fxg5 60. Rf2 Rf8
61. g4 h4 62. Re2 Kg7 63. Re3 Kf6 64. Kb2 Rfa8 65. Kc2 Rh8 66. Rh3 Ke7 67. Kb2
Rha8 68. Kc2 Kd6 69. Kb2 Nd7 70. Rg1 Nf6 71. Re3 Rh8 72. Rh3 Kc6 73. Bd1 Kb6 74.
Re1 Re7 75. Be2 Ra8 76. Ra1 Rxa1 77. Kxa1 e3 78. Kb2 Nxg4 79. Bxg4 e2 80. Bxe2
Rxe2+ 81. Kb3 Rf2 82. Re3 g4 83. Re6+ Kc7 84. Rg6 g3 85. b5 g2 86. Kb4 h3 87.
b6+ Kd7 88. Kc5 Rb2 89. Rg7+ Ke8 0-1

[Event "GAMMA Reykjavik Open 2019"]
[Site "Reykjavik ISL"]
[Date "2019.04.11"]
[Round "5.7"]
[White "Tari, Aryan"]
[Black "Prithu, Gupta"]
[Result "1-0"]
[WhiteTitle "GM"]
[BlackTitle "IM"]
[WhiteElo "2615"]
[BlackElo "2478"]
[WhiteFideId "1510045"]
[BlackFideId "46618546"]
[EventDate "2019.04.08"]

1. Nf3 Nf6 2. c4 e6 3. Nc3 c5 4. g3 b6 5. Bg2 Bb7 6. O-O Be7 7. Re1 d5 8. cxd5
exd5 9. d4 O-O 10. b3 Nbd7 11. Bb2 Ne4 12. Rc1 Ndf6 13. Ne5 Ng5 14. h4 Ne6 15.
e3 Ne4 16. Nxe4 dxe4 17. dxc5 Nxc5 18. b4 Nd3 19. Nxd3 exd3 20. Bxb7 d2 21. Bxa8
dxc1=Q 22. Qxc1 Qxa8 23. Qc4 Qf3 24. Bd4 Bd6 25. Rc1 h5 26. b5 Rd8 27. Qc6 Qg4
28. Kg2 Kh7 29. a4 Rd7 30. Qf3 Qg6 31. Rc6 f6 32. Qd5 Bxg3 33. Qxd7 Bd6+ 34. Kf3 1-0

[Event "GAMMA Reykjavik Open 2019"]
[Site "Reykjavik ISL"]
[Date "2019.04.11"]
[Round "5.8"]
[White "Kjartansson, Gudmundur"]
[Black "Lagarde, Maxime"]
[Result "0-1"]
[WhiteTitle "IM"]
[BlackTitle "GM"]
[WhiteElo "2444"]
[BlackElo "2612"]
[WhiteFideId "2301318"]
[BlackFideId "662399"]
[EventDate "2019.04.08"]

1. Nf3 c5 2. c4 g6 3. Nc3 Bg7 4. g3 Nc6 5. Bg2 e5 6. d3 d6 7. Nd2 Be6 8. Nf1 Qd7
9. h4 f5 10. h5 gxh5 11. Ne3 Nf6 12. Ned5 Ne7 13. Nxe7 Qxe7 14. Bg5 O-O-O 15.
Qa4 Kb8 16. b4 h6 17. Bxf6 Bxf6 18. e4 f4 19. Bh3 fxg3 20. fxg3 Rhg8 21. Bxe6
Qxe6 22. bxc5 dxc5 23. O-O-O Rxg3 24. Nd5 Bg5+ 25. Kc2 Be3 26. Qa5 b6 27. Qe1
Rg2+ 28. Kb3 Bd4 29. Qh4 Rb2+ 30. Ka3 Qc8 0-1

[Event "GAMMA Reykjavik Open 2019"]
[Site "Reykjavik ISL"]
[Date "2019.04.11"]
[Round "5.9"]
[White "Petrosian, Tigran L."]
[Black "Loiseau, Quentin"]
[Result "1/2-1/2"]
[WhiteTitle "GM"]
[BlackTitle "IM"]
[WhiteElo "2605"]
[BlackElo "2461"]
[WhiteFideId "13301616"]
[BlackFideId "665274"]
[EventDate "2019.04.08"]

1. Nf3 d5 2. g3 g6 3. c4 c6 4. cxd5 cxd5 5. d4 Bg7 6. Nc3 Nc6 7. Bf4 Nf6 8. Ne5
Nd7 9. Nf3 Nf6 10. Bg2 Ne4 11. O-O O-O 12. Rc1 Bf5 13. Ne5 Nxc3 14. Rxc3 Qb6 15.
Nxc6 bxc6 16. e3 Qxb2 17. Rxc6 Qxa2 18. Qa1 Qxa1 19. Rxa1 e6 20. Rca6 Bd3 21.
R6a3 Bb5 22. Bf1 Bxf1 23. Kxf1 Rfc8 24. g4 h6 25. Ra6 g5 26. Bg3 Bf6 27. Kg2 Kg7
28. Bd6 Rc2 29. Rb1 Kg6 30. Rb7 Kg7 31. Bc5 Kg6 32. h3 Bg7 33. Kf3 Bf8 34. Bxf8
Rxf8 35. Raxa7 Kf6 36. Rd7 Rb2 37. Kg3 Re2 38. Ra6 Rb8 39. Raa7 Rf8 40. Ra6 Rb8
41. Rxd5 Kg7 42. Rd7 Rbb2 43. Rxe6 Rxf2 44. Re5 Rh2 45. Rf5 Rbg2+ 46. Kf3 Rf2+
47. Ke4 Rxf5 48. Kxf5 Rxh3 49. Re7 Rf3+ 50. Ke4 Rg3 51. Kf5 Rf3+ 52. Ke4 Rg3 1/2-1/2

[Event "GAMMA Reykjavik Open 2019"]
[Site "Reykjavik ISL"]
[Date "2019.04.11"]
[Round "5.10"]
[White "Van Foreest, Jorden"]
[Black "Kevlishvili, Robby"]
[Result "1-0"]
[WhiteTitle "GM"]
[BlackTitle "IM"]
[WhiteElo "2598"]
[BlackElo "2451"]
[WhiteFideId "1039784"]
[BlackFideId "1040634"]
[EventDate "2019.04.08"]

1. e4 c5 2. Nf3 d6 3. d4 cxd4 4. Nxd4 Nf6 5. Nc3 a6 6. Bd3 g6 7. f3 Bg7 8. Be3
Nc6 9. Qd2 O-O 10. O-O-O Nxd4 11. Bxd4 Be6 12. Kb1 b5 13. g4 Rb8 14. h4 b4 15.
Ne2 Qa5 16. b3 d5 17. e5 Nd7 18. Qe3 Qc7 19. f4 Bxg4 20. h5 Rfc8 21. hxg6 hxg6
22. Rdg1 Bxe2 23. Qxe2 e6 24. Rh3 Nc5 25. Rgh1 Nxd3 26. cxd3 Kf8 27. Rh7 Qc6 28.
Qd2 Rb7 29. f5 1-0

[Event "GAMMA Reykjavik Open 2019"]
[Site "Reykjavik ISL"]
[Date "2019.04.11"]
[Round "5.11"]
[White "Fier, Alexandr"]
[Black "Korley, Kassa"]
[Result "1/2-1/2"]
[WhiteTitle "GM"]
[BlackTitle "IM"]
[WhiteElo "2570"]
[BlackElo "2440"]
[WhiteFideId "2107139"]
[BlackFideId "2033801"]
[EventDate "2019.04.08"]

1. Nf3 d5 2. c4 e6 3. g3 Nf6 4. Bg2 Be7 5. O-O O-O 6. d4 c6 7. Qc2 b6 8. Nbd2
Bb7 9. e4 Na6 10. e5 Ng4 11. Nb1 Nb4 12. Qe2 dxc4 13. h3 Nh6 14. Bxh6 gxh6 15.
Nbd2 b5 16. Ne4 c5 17. Rad1 Bxe4 18. Qxe4 Nd3 19. b3 Rc8 20. bxc4 bxc4 21. Nd2
Nb2 22. Rb1 c3 23. d5 exd5 24. Qf5 Kg7 25. Ne4 dxe4 26. Bxe4 Rg8 27. Qxh7+ Kf8
28. Qxh6+ Rg7 29. Qh8+ Rg8 30. Qh6+ Rg7 31. Qh8+ 1/2-1/2

[Event "GAMMA Reykjavik Open 2019"]
[Site "Reykjavik ISL"]
[Date "2019.04.11"]
[Round "5.12"]
[White "Brunello, Sabino"]
[Black "Astaneh Lopez, Alex"]
[Result "1/2-1/2"]
[WhiteTitle "GM"]
[BlackTitle "IM"]
[WhiteElo "2534"]
[BlackElo "2427"]
[WhiteFideId "813613"]
[BlackFideId "2501430"]
[EventDate "2019.04.08"]

1. d4 Nf6 2. c4 e6 3. Nf3 b6 4. g3 Bb7 5. Bg2 Be7 6. O-O O-O 7. Nc3 Ne4 8. Bd2
Bf6 9. Qc2 Nxd2 10. Qxd2 d6 11. Rad1 Nd7 12. e4 e5 13. d5 a5 14. h4 Nc5 15. Bh3
g6 16. h5 Bc8 17. Bxc8 Qxc8 18. Kg2 Qg4 19. Rde1 Qxh5 20. Rh1 Qg4 21. Qh6 Rfc8
22. Re3 Nd7 23. Qxh7+ Kf8 24. Nh2 Qg5 25. Qh3 Ke7 26. Nf3 Qh5 27. Qxh5 gxh5 28.
Rxh5 Rh8 29. Rxh8 Rxh8 30. Re1 Nc5 31. Rd1 Bg7 32. Ne1 f5 33. exf5 e4 34. Nc2
Bxc3 35. bxc3 Kf6 36. Nd4 Nd3 37. f3 exf3+ 38. Nxf3 Nb2 39. Rd4 Kxf5 40. g4+ Kg6
41. Kg3 Re8 42. g5 Re3 43. Kg4 Rxc3 44. Nh4+ Kg7 45. Kh5 Nxc4 46. Nf5+ Kg8 47.
g6 Ne5 48. Kg5 Rg3+ 49. Nxg3 Nf3+ 50. Kf6 Nxd4 51. g7 b5 52. Kg6 Nf3 53. Nf5
Ne5+ 54. Kf6 1/2-1/2

[Event "GAMMA Reykjavik Open 2019"]
[Site "Reykjavik ISL"]
[Date "2019.04.11"]
[Round "5.13"]
[White "Hjartarson, Johann"]
[Black "Yoo, Christopher Woojin"]
[Result "1/2-1/2"]
[WhiteTitle "GM"]
[BlackTitle "IM"]
[WhiteElo "2520"]
[BlackElo "2414"]
[WhiteFideId "2300044"]
[BlackFideId "30909694"]
[EventDate "2019.04.08"]

1. c4 Nf6 2. Nc3 g6 3. e4 d6 4. d4 Bg7 5. Nf3 O-O 6. Be2 e5 7. O-O Nc6 8. d5 Ne7
9. Ne1 Nd7 10. Be3 f5 11. f3 f4 12. Bf2 g5 13. Rc1 Ng6 14. Nd3 Nf6 15. c5 Rf7
16. a4 h5 17. Nb5 a6 18. Na3 Bf8 19. cxd6 Bxd6 20. Nc5 Qe7 21. Ne6 Bxe6 22. dxe6
Rg7 23. Qb3 b6 24. h3 Kh8 25. Rc3 Rag8 26. Qc2 Nf8 27. Nc4 Nxe6 28. Nxd6 cxd6
29. Bxb6 g4 30. hxg4 hxg4 31. fxg4 Rh7 32. Rc8 Rg7 33. Rxg8+ Rxg8 34. Rc1 Nxg4
35. Bxg4 Rxg4 36. Qe2 Qh4 37. Rc3 f3 38. Qxf3 Nf4 39. Bf2 Qh5 40. Rc8+ Kh7 41.
Rc7+ Kh8 42. Rc8+ Kh7 43. Rc7+ Kh8 44. Rc8+ 1/2-1/2

[Event "GAMMA Reykjavik Open 2019"]
[Site "Reykjavik ISL"]
[Date "2019.04.11"]
[Round "5.14"]
[White "Eggleston, David J"]
[Black "Kanarek, Marcel"]
[Result "1-0"]
[WhiteTitle "IM"]
[BlackTitle "GM"]
[WhiteElo "2401"]
[BlackElo "2505"]
[WhiteFideId "412120"]
[BlackFideId "1126822"]
[EventDate "2019.04.08"]

1. e4 c5 2. Nf3 d6 3. d4 cxd4 4. Nxd4 Nf6 5. Nc3 a6 6. h3 g6 7. g4 Bg7 8. Be3
O-O 9. Bg2 Nc6 10. Qd2 Nxd4 11. Bxd4 b5 12. g5 Nh5 13. Bxg7 Nxg7 14. O-O-O Bb7
15. f4 b4 16. Nd5 Bxd5 17. exd5 Qb6 18. h4 Rfc8 19. Bh3 Rc4 20. Kb1 Nh5 21. Bg4
Ng3 22. Be2 Rxf4 23. Qxf4 Nxe2 24. Qc4 Ng3 25. Rh3 Nh5 26. Rf3 Ng7 27. Rdf1 Nf5
28. h5 Ne3 29. Qf4 Nxf1 30. Qxf7+ Kh8 31. Rxf1 Rg8 32. hxg6 Rxg6 33. Rh1 1-0

[Event "GAMMA Reykjavik Open 2019"]
[Site "Reykjavik ISL"]
[Date "2019.04.11"]
[Round "5.15"]
[White "Tang, Andrew"]
[Black "Sarkar, Justin"]
[Result "1/2-1/2"]
[WhiteTitle "GM"]
[BlackTitle "IM"]
[WhiteElo "2501"]
[BlackElo "2337"]
[WhiteFideId "2059630"]
[BlackFideId "2010011"]
[EventDate "2019.04.08"]

1. d4 Nf6 2. Bf4 d5 3. e3 c5 4. Nf3 Nc6 5. Nbd2 Nh5 6. Bg5 h6 7. Bh4 g5 8. Ne5
Nxe5 9. dxe5 Ng7 10. Bg3 Nf5 11. Qf3 Bg7 12. Bb5+ Kf8 13. Bd3 Nxg3 14. Qxg3 c4
15. Be2 c3 16. bxc3 Qc7 17. f4 Qxc3 18. Rd1 Bf5 19. O-O gxf4 20. Qxf4 e6 21. Bd3
Qxe5 22. Qb4+ Kg8 23. Qxb7 Qxe3+ 24. Kh1 Rd8 25. Bxf5 exf5 26. Rxf5 Qe6 27. Rdf1
Rd7 28. Qb5 Rc7 29. Qb8+ Qc8 30. Qb3 Qe6 31. Qg3 Rxc2 32. Rf6 Qe7 33. Nb3 Rxa2
34. h4 Ra4 35. h5 Kh7 36. Rxf7 Qh4+ 37. Qxh4 Rxh4+ 38. Kg1 Rb8 39. Nc5 Kg8 40.
Ne6 Bd4+ 41. Nxd4 Rxd4 42. R7f6 Rg4 43. Rxh6 Rb2 44. Rf2 Rxf2 45. Kxf2 Kg7 46.
Ra6 Rg5 47. h6+ Kh7 48. Kf3 Rg6 49. Rxa7+ Kxh6 50. Rd7 Rf6+ 51. Ke3 Re6+ 52. Kf4
Rf6+ 1/2-1/2

[Event "GAMMA Reykjavik Open 2019"]
[Site "Reykjavik ISL"]
[Date "2019.04.11"]
[Round "5.16"]
[White "Tania, Sachdev"]
[Black "Salomon, Johan"]
[Result "1/2-1/2"]
[WhiteTitle "IM"]
[BlackTitle "GM"]
[WhiteElo "2397"]
[BlackElo "2495"]
[WhiteFideId "5007844"]
[BlackFideId "1509500"]
[EventDate "2019.04.08"]

1. d4 Nf6 2. c4 e6 3. Nf3 d5 4. Nc3 c6 5. g3 dxc4 6. Bg2 b5 7. Ne5 a6 8. a4 Bb7
9. O-O Qc8 10. Bg5 Nbd7 11. Bxf6 Nxf6 12. e3 Bd6 13. b3 cxb3 14. Qxb3 O-O 15.
Nd3 b4 16. Ne4 Nxe4 17. Bxe4 a5 18. Rfc1 h6 19. Ra2 Qd7 20. Rac2 Rac8 21. Nc5
Qe7 22. Nxb7 Qxb7 23. Rxc6 Qd7 24. Rxc8 Rxc8 25. Rxc8+ Qxc8 26. Qc2 Qxc2 27.
Bxc2 Kf8 28. Kf1 Ke7 29. Ke2 Bc7 30. Kd3 Kd6 31. Ke4 1/2-1/2

[Event "GAMMA Reykjavik Open 2019"]
[Site "Reykjavik ISL"]
[Date "2019.04.11"]
[Round "5.17"]
[White "Borocz, Istvan1"]
[Black "Libiszewski, Fabien"]
[Result "0-1"]
[WhiteTitle "IM"]
[BlackTitle "GM"]
[WhiteElo "2350"]
[BlackElo "2488"]
[WhiteFideId "703036"]
[BlackFideId "616834"]
[EventDate "2019.04.08"]

1. d4 Nf6 2. c4 g6 3. Nc3 Bg7 4. e4 d6 5. Bd3 O-O 6. Nge2 Nc6 7. O-O Nd7 8. Be3
e5 9. d5 Nd4 10. Nb5 Nxe2+ 11. Qxe2 f5 12. exf5 gxf5 13. f4 e4 14. Bb1 Nf6 15.
h3 c5 16. a4 a6 17. Nc3 Bd7 18. a5 b5 19. axb6 Qxb6 20. Ra2 Rfb8 21. Bc2 Qd8 22.
Bd2 Ne8 23. Kh2 Bd4 24. Qh5 Nf6 25. Qg5+ Kh8 26. Ne2 Qe7 27. Nxd4 cxd4 28. Be1
Rg8 29. Qh4 Rg6 30. Ra3 Rag8 31. Rg3 d3 32. Rxg6 Rxg6 33. Bxd3 exd3 34. Bc3 Kg8
35. Bxf6 Qxf6 36. Qf2 Ba4 37. Re1 Qg7 38. Rg1 Bc2 39. b4 Qc3 40. Qe3 h6 41. Qe8+
Kh7 42. Qf7+ Qg7 43. Qxf5 Qf6 44. Qe4 Kh8 45. c5 Rg7 46. c6 Qg6 47. f5 Qf6 48.
Rf1 Ba4 49. Rf2 Qe5+ 50. Qxe5 dxe5 51. f6 Rf7 52. Kg3 e4 53. Ra2 e3 54. Kf3 e2
55. Ra1 Bd1 0-1

[Event "GAMMA Reykjavik Open 2019"]
[Site "Reykjavik ISL"]
[Date "2019.04.11"]
[Round "5.18"]
[White "Parligras, Mircea-Emilian"]
[Black "Le Goff, Ronan"]
[Result "1-0"]
[WhiteTitle "GM"]
[BlackTitle "FM"]
[WhiteElo "2633"]
[BlackElo "2186"]
[WhiteFideId "1204297"]
[BlackFideId "612073"]
[EventDate "2019.04.08"]

1. Nf3 Nf6 2. c4 e6 3. Nc3 d5 4. e3 Be7 5. b3 O-O 6. Bb2 b6 7. cxd5 exd5 8. d4
Bb7 9. Bd3 Nbd7 10. O-O c5 11. Rc1 Ne4 12. Qe2 cxd4 13. Nxd4 Ndc5 14. Bb5 Bf6
15. Rfd1 Nxc3 16. Bxc3 Rc8 17. Qg4 a6 18. Bd3 Nxd3 19. Rxd3 Re8 20. Qd1 Be5 21.
Nf3 Bd6 22. Bd4 Rxc1 23. Qxc1 b5 24. Qb2 f6 25. Rc3 Qd7 26. h3 Qf5 27. Qc1 Rc8
28. Rxc8+ Qxc8 29. Qb1 Qe6 30. b4 Qe4 31. Qb3 Bc8 32. Nd2 Qe6 33. a3 Qf7 34. Qd3
Qg6 35. Qxg6 hxg6 36. f4 Kf7 37. Nb3 Bf5 38. Kf2 Bc2 39. Na5 Bc7 40. Nc6 Bf5 41.
Bc5 Bd7 42. Nd4 g5 43. fxg5 Be5 44. Nb3 Bb2 45. gxf6 gxf6 46. Bd4 Bxa3 47. Bc3
Bf5 48. g4 Bc2 49. Nd4 Bd3 50. Nc6 Ke6 51. h4 Kd6 52. Na5 d4 53. exd4 Bc1 54.
Nb3 Bh6 55. Nc5 Bh7 56. Nxa6 Kd5 57. Bb2 Bd2 58. Nc7+ Ke4 59. Ne8 Kf4 60. Ke2
Bxb4 61. Nxf6 Bc2 62. Nd5+ Kxg4 63. Nxb4 Bb3 64. d5 Kxh4 65. d6 Be6 66. Nd5 Kg5
67. Nb6 1-0

[Event "GAMMA Reykjavik Open 2019"]
[Site "Reykjavik ISL"]
[Date "2019.04.11"]
[Round "5.19"]
[White "Bewersdorff, Oliver"]
[Black "Gupta, Abhijeet"]
[Result "0-1"]
[WhiteTitle "FM"]
[BlackTitle "GM"]
[WhiteElo "2261"]
[BlackElo "2602"]
[WhiteFideId "4602897"]
[BlackFideId "5010608"]
[EventDate "2019.04.08"]

1. c4 Nf6 2. g3 c6 3. Nf3 d5 4. b3 dxc4 5. bxc4 e5 6. Nc3 Bd6 7. Bg2 O-O 8. O-O
h6 9. d3 Na6 10. Bb2 Qe7 11. Nd2 Nc5 12. Na4 Bg4 13. Nxc5 Bxc5 14. Nb3 Bd6 15.
Qc2 Rad8 16. Rab1 Nh7 17. c5 Bc7 18. f3 Be6 19. Rbd1 h5 20. d4 h4 21. dxe5 Bxb3
22. axb3 Bxe5 23. Bxe5 Qxe5 24. gxh4 Qe3+ 25. Kh1 Nf6 26. Rd3 Rxd3 27. exd3 Rd8
28. Rd1 Rd4 29. Qd2 Qxd2 30. Rxd2 Nd7 31. Rc2 Rxd3 32. Bh3 Nf6 33. Ra2 a6 34.
Ra3 Ne4 35. Bf1 Rxf3 36. Bg2 Nf2+ 37. Kg1 Nh3+ 38. Kh1 Rc3 39. Bf1 Nf2+ 40. Kg2
Ne4 0-1